Statistiken für Gastgeberstädte der Olympischen Sommerspiele

Klicken Sie hier um das Quiz zu spielen!

Allgemein

  • Dieses Quiz wurde 2,850 mal gespielt
  • Das Durchschnittsergebnis liegt bei 17 aus 23

Antwortstatistiken

Jahre Stadt % Korrekt
1936Berlin
95%
1908, 1948, 2012London
95%
1900, 1924, 2024Paris
92%
1896, 2004Athen
91%
1972München
91%
2016Rio de Janeiro
91%
2008Peking
90%
1964, 2020Tokio
89%
1960Rom
87%
1980Moskau
87%
2000Sydney
84%
1992Barcelona
83%
1932, 1984, 2028Los Angeles
81%
1988Seoul
70%
1912Stockholm
68%
1968Mexiko-Stadt
65%
1996Atlanta
63%
1928Amsterdam
58%
1952Helsinki
52%
1956Melbourne
45%
1976Montreal
42%
1920Antwerpen
28%
1904St. Louis
26%

Verteilung der Resultate

Perzentil nach korrekt beantworteten Fragen

Anzahl Personen mit jedem Resultat

Ihre Resultats-Entwicklung

Sie haben dieses Quiz noch nicht gespielt